000 00980nam a22003137a 4500
003 CHAP
005 20220329134407.0
008 971013s1971 r 00010 d
010 _a19855
011 _a20827
035 _a24916
040 _cCHAP
082 _a591.5
_bA53 1971
100 0 0 _aAndrewartha, Herbert George.
_95692
245 _aIntroduction to the study of animal populations
250 _a2 ed.
260 _aChicago :
_bUniversity of Chicago,
_c1971
300 _a283 p
500 _amenciona que la 2ed. corresponde al año de 1970
590 _aBATCH-UPD
_b10
_c20130110
_lUCH01
_h1909
590 _aBATCH-UPD
_b10
_c20130410
_lUCH01
_h1236
590 _aBATCH-UPD
_b10
_c20130914
_lUCH01
_h1248
590 _aCONVERSION
_b10
_c20130109
_lUCH01
_h1312
650 1 4 _aEcología animal.
_935170
650 1 4 _aPoblaciones animales.
_989358
901 _aBK
942 _cLIBRO
949 _a591.5 A53 1971
_bBC
_cLIBRO
_d33724000373536
_eLIBRO
_fc.2
_h50390
_i24916
_si
999 _c19855
_d19855